000 00719nam a2200241Ia 4500
003 OSt
005 20220918192656.0
006 a|||||r|||| 00| 0
007 ta
008 220917b |||||||| |||| 00| 0 eng d
024 _a69,571
037 _cTextual
040 _aARTS
_cARTS
_beng
041 _2eng
_aeng
082 _aQ4xM64x, K5 (Q4)
100 _aAnagarika Dharampala
_979768
245 0 _aReturn to righteousness
_b a collection of speeches , essays and letters ed by Ananda Guruge
260 _aCeylone
_bGovernement Press
_c1965
300 _alxxxiv,874p.
_ccm.
650 _aRELIGION
942 _hQ4xM64x, K5 (Q4)
_cTEXL
_2CC
999 _c195713
_d195713